01177cam a2200289 a 450000100100000000500170001000800410002702000150006804000300008308200180011310000480013124501370017926000310031630000280034749000530037550400420042850000600047065000270053065000420055770000380059983000700063791000280070791000070073504900090074295201210075199900150087200000787620210409114020.0830301s1981 sp a b 001 d spa d a8420633585 aDO-SdBNPbspacDLCdBNPHU a862.62bG216c aGarcía Lorca, Federico,d1898-193691472713aLa casa de Bernarda Alba :bdrama de mujeres en los pueblos de España /cFederico García Lorca ; edición de Mario Hernández. aMadrid :bAlianza,cc1981. a183 p. :bil. ;c18 cm.13aEl libro de bolsillo.aBiblioteca García Lorca aIncluye referencias bibliográficas. aEl primer ejemplar es la segunda reimpresión de 1999. 4aTeatro español93071 4aLiteratura españolaySIGLO XX933261 aHernández, Mario,d1945-921656 0aEl libro Biblioteca de bolsillopBiblioteca García Lorca921657 aCatalogación derivada aWM aBNGR 001052708MOaGRbGRcHDd2009-09-11iLF1l0o862.62 G216cp7876-10r2020-06-25w2020-06-25y2ZPréstamo interno c7654d7654